Am wenigsten fragile asiatische Länder - Statistiken

Allgemein
  • Dieses Quiz wurde 36 mal gespielt
  • Das Durchschnittsergebnis liegt bei 14 aus 20
Antwortstatistiken
Globaler Rang Resultat Land % Korrekt
160 30.2 Japan
97%
161 29.8 Südkorea
94%
149 39.8 Katar
85%
119 56.2 Vietnam
85%
99 64.4 China
82%
165 25.4 Singapur
82%
156 34.7 Vereinigte Arabische Emirate
82%
100 64.2 Bahrain
76%
129 51.5 Israel
76%
103 63.2 Saudi-Arabien
76%
102 63.7 Indonesien
67%
134 49.3 Kuwait
64%
123 53.9 Brunei
61%
126 53.1 Malaysia
61%
115 57.8 Kasachstan
58%
132 50.7 Mongolei
58%
98 64.5 Bhutan
45%
104 62.2 Turkmenistan
42%
107 60.3 Malediven
39%
122 54.1 Zypern
39%
Keine übereinstimmenden Quizze gefunden
Verteilung der Resultate
Anzahl Personen mit jedem Resultat
Perzentil nach korrekt beantworteten Fragen
Ihre Resultats-Entwicklung
Sie haben dieses Quiz noch nicht gespielt